Přeskočit na obsah

Культура, искусство, образование: диалоги о Русском мире»: материалы Международной научно-практической конференции

Настоящее издание составлено по итогам Международной научно-практической конференции «Культура, искусство, образование: диалоги о “Русском мире”», прошедшей 19 января 2023 года в Волгоградской консерватории им. П.А. Серебрякова. В сборник вошли статьи, связанные с исследованием понятия «Русский мир»...

Celý popis

Uloženo v:
Podrobná bibliografie
Médium: Книга
Jazyk:Russian
Vydáno: Волгоград ВК им. Серебрякова 2023
On-line přístup:https://e.lanbook.com/book/366278
https://e.lanbook.com/img/cover/book/366278.jpg
Tagy: Přidat tag
Žádné tagy, Buďte první, kdo otaguje tento záznam!
LEADER 02532nam0a2200265 i 4500
001 366278
003 RuSpLAN
005 20240216150949.0
008 240216s2023 ru gs 000 0 rus
020 |a 978-5-6049114-6-4 
040 |a RuSpLAN 
041 0 |a rus 
044 |a ru 
080 |a 74.005.44+85-00я431 
084 |a 78.01  |2 rubbk 
245 0 0 |a Культура, искусство, образование: диалоги о Русском мире»: материалы Международной научно-практической конференции 
260 |a Волгоград  |b ВК им. Серебрякова  |c 2023 
300 |a 173 с. 
504 |a Библиогр.: доступна в карточке книги, на сайте ЭБС Лань 
520 8 |a Настоящее издание составлено по итогам Международной научно-практической конференции «Культура, искусство, образование: диалоги о “Русском мире”», прошедшей 19 января 2023 года в Волгоградской консерватории им. П.А. Серебрякова. В сборник вошли статьи, связанные с исследованием понятия «Русский мир» в различных его аспектах, а также материалы докладов по иным актуальным направлениям научных исследований: «Русская культура в современном мире», «Страницы русской истории: музыка и образование». Сборник предназначен для широкого круга музыкантов-профессионалов, преподавателей, студентов, аспирантов музыкальных вузов, а также всех, кто интересуется проблемами музыкального образования, исполнительства, культуры и педагогики. Статьи печатаются в авторской редакции. 
521 8 |a Книга из коллекции ВК им. Серебрякова - Социально-гуманитарные науки 
521 8 |a СЭБ 
856 4 |u https://e.lanbook.com/book/366278 
856 4 8 |u https://e.lanbook.com/img/cover/book/366278.jpg 
953 |a https://e.lanbook.com/img/cover/book/366278.jpg 
Cannot write session to /tmp/vufind_sessions/sess_28ph9f4oonqt2t1nuagh3qhcku